Die 15 kleinsten Staaten der Welt - Statistiken

Allgemein
  • Dieses Quiz wurde 1.015 mal gespielt
  • Das Durchschnittsergebnis liegt bei 10 aus 15
Antwortstatistiken
Fläche (km^2) Name % Korrekt
1 0,44 Vatikanstadt
98%
5 61 San Marino
92%
2 2,02 Monaco
91%
6 160 Liechtenstein
82%
3 21 Nauru
68%
4 26 Tuvalu
65%
8 261 St Kitts and Nevis
63%
12 388 St Vincent und die Grenadinen
62%
10 316 Malta
60%
11 344 Grenada
59%
14 442 Antigua und Barbuda
56%
13 430 Barbados
56%
9 298 Malediven
50%
15 455 Seychellen
48%
7 181 Marshallinseln
45%
Keine übereinstimmenden Quizze gefunden
Verteilung der Resultate
Anzahl Personen mit jedem Resultat
Perzentil nach korrekt beantworteten Fragen
Ihre Resultats-Entwicklung
Sie haben dieses Quiz noch nicht gespielt